00517nam a2200205 a 4500001001300000003000900013005001700022008004100039020001000080082001700090100001200107245003100119260005900150300000800209500003500217505001000252650001400262650002300276700001200299nice12345678IN_TiNIC20260116013440.0050524s1984 jaia grp 000 0 eng  ac15000a709.054bNAT aNath, R aAntiquities of Chittorgarh aJaipurbHistorical Research Documentation Prograc1984 a78p aincludes index and biblioraphy2 aNotes aArt-Hindu aArchitecture-Hindu1 aNath, R